| 000 | 01274nam a2200253 a 4500 | ||
|---|---|---|---|
| 001 | 15726546 | ||
| 008 | 161019s2009 ||||||||||||||||| || u | ||
| 010 | _a2009018700 | ||
| 020 | _a9781447225089 | ||
| 020 | _a0765318415 | ||
| 050 | _aPS 3616.R53B66 | ||
| 100 | _aPriest, Cherie | ||
| 245 | 1 | 0 |
_aBoneshaker _cCherie Priest. |
| 250 | _a1st ed. | ||
| 260 |
_aLondon _bTor _c2009 |
||
| 300 | _a416 p. | ||
| 350 | _a9.36 | ||
| 500 | _a"A Tom Doherty Associates Book." | ||
| 520 | _aInventor Leviticus Blue creates a machine that accidentally decimates Seattle's banking district and uncovers a vein of Blight Gas that turns everyone who breathes it into the living dead. Sixteen years later Briar, Blue's widow, lives in the poor neighborhood outside the wall that's been built around the uninhabitable city. Life is tough with a ruined reputation, but she and her teenage son Ezekiel are surviving--until Zeke impetuously decides that he must reclaim his father's name from the clutches of history. | ||
| 650 | _aZOMBIES--FICTION | ||
| 650 | 0 | _aMOTHERS AND SONS - FICTION | |
| 650 | 0 | _aNorthwest, Pacific - Fiction | |
| 995 |
_D9.36 _FCBU-MAIN LIBRARY (Kitwe) _M1 _UAVAILABLE _WOct 19, 2016 _ZFiction Collection |
||
| 999 |
_c36016 _d36016 |
||